000 00273nam a22000977a 4500
008 110628t xxu||||| |||| 00| 0 eng d
010 _aSCCAF121
245 _aSupreme Court Criminal Application No. 1 of 2003 Arvind Patel Vs Uganda
260 _c2003
500 _aCORAM: Oder JSC
999 _c4182
_d4182